MARC

LEADER 00000nam0a2200000 4500
001 363921
005 20231102011633.0
035 |a (RuTPU)RU\TPU\retro\21270 
035 |a RU\TPU\retro\21269 
090 |a 363921 
100 |a 20211018d1957 k y0rusy50 ca 
101 0 |a rus 
102 |a RU 
105 |a a z 001zy 
200 1 |a Труды института за 1956 год  |e сборник рефератов  |f Всесоюзный Магаданский научно-исследовательский институт золота и редких металлов ; под ред. Н. А. Шило 
210 |a Магадан  |c Изд-во ВНИИ-1  |d 1957 
215 |a 179 с.  |c ил. 
225 1 |a Труды ВНИИ-1 (Всесоюзного Магаданского научно-исследовательского института) 
606 1 |a Строительные материалы  |2 stltpush  |3 (RuTPU)RU\TPU\subj\57441  |9 75303 
610 1 |a Магаданская область 
610 1 |a месторождения 
610 1 |a кирпичи 
610 1 |a технология производства 
610 1 |a вяжущие вещества 
610 1 |a добавки 
610 1 |a пески 
610 1 |a стеновые материалы 
675 |a 691  |v 4 
702 1 |a Шило  |b Н. А.  |4 340 
712 0 2 |a Всесоюзный Магаданский научно-исследовательский институт золота и редких металлов  |c (Магадан)  |c (1948-1960)  |2 stltpush  |3 (RuTPU)RU\TPU\col\27816  |9 28906 
801 1 |a RU  |b 63413507  |c 20211018 
801 2 |a RU  |b 63413507  |c 20211018  |g RCR 
942 |c BK